000 00687nam a22002297a 4500
003 UA-OsUOA
001 75165
007 ta
008 20110506b un ||||| |||| 00| 0 ukr d
100 _aСибірянська Ю.В.
700 _aКотіна Г.М.
090 _a330
_bС34
942 _cSA
040 _aUA-OsUOA
_bukr
_cUA-OsUOA
_dUA-OsUOA
245 _aІнноваційні підходи до прогнозування і планування доходів бюджету
300 _aС.72-86
955 _a0
041 _aukr
080 _a330
773 0 _w75160
_tФінанси України
_dК.
_d2011
_g2
650 7 _a330 Економіка взагалі
_2UDC
999 _c361465
_d361465